000 00758nas a2200265 4500
001 BR9703903
003 BR-BrBNA
005 20231205100406.0
007 ta
008 230509b bl.|||p| |||| 00| 00por d
040 _aBR-BrBNA
_bpor
_cBiblioteca Nacional de Agricultura
041 _a(Pt)
072 _aL74
100 1 _aMachado, P.C.
100 1 _aBangel Junior, J.J.
100 1 _aRangel, L.F.S.
245 1 _aO casco e muito mais importante do que parece
650 _aGado
650 _aCasco
650 _aFemea
650 _aVeterinaria
773 0 _tLeite B - Associacao Brasileira dos Produtores de Leite B (Brazil)
_x
_g(Jul 1997), v. 11(127) p. 14-18
_wBR9703903
909 _a202311
_bLúcia
_c55
_dLúcia Elande
942 _2AGRIS
_n0
_cANA
999 _c155746
_d155746